000 00294nam a22001337a 4500
008 170831b xxu||||| |||| 00| 0 eng d
020 _a9780312442675
041 _aeng
080 _26TH
_a070
100 _a40
101 _aMED
245 _aWORKING WITH WORDS
_cBROOKS,B,.S
942 _2udc
_cBK
999 _c25855
_d25855